000 01591nam a2200397 a 4500
001 ebr10680816
003 CaPaEBR
006 m u
007 cr cn|||||||||
008 100707s2010 nyua sb 001 0 eng d
010 _z 2010025693
020 _z9781617286858 (softcover)
020 _z1617286850 (softcover)
020 _z9781617610417 (e-book)
040 _aCaPaEBR
_cCaPaEBR
035 _a(OCoLC)792737378
050 1 4 _aQD941
_b.L58 2010eb
082 0 4 _a537.6/22
_222
100 1 _aLiu, Dahe,
_d1948-
245 1 0 _aAchieving complete band gaps using low refractive index material
_h[electronic resource] /
_cDahe Liu, Tianrui Zhai and Zhaona Wang.
260 _aNew York :
_bNovinka/Nova Science Publishers,
_cc2010.
300 _a57 p. :
_bill. (some col.).
490 1 _aNanotechnology science and technology
504 _aIncludes bibliographical references and index.
505 0 _aIntroduction -- Complex diamond structure -- Self-simulating structure -- Conclusion.
533 _aElectronic reproduction.
_bPalo Alto, Calif. :
_cebrary,
_d2013.
_nAvailable via World Wide Web.
_nAccess may be limited to ebrary affiliated libraries.
650 0 _aCrystal optics.
650 0 _aPhotonic crystals.
650 0 _aRefraction.
655 7 _aElectronic books.
_2local
700 1 _aZhai, Tianrui.
700 1 _aWang, Zhaona.
710 2 _aebrary, Inc.
830 0 _aNanotechnology science and technology series.
856 4 0 _uhttp://site.ebrary.com/lib/rucke/Doc?id=10680816
_zAn electronic book accessible through the World Wide Web; click to view
999 _c60230
_d60230